| 000 | 00356nam a2200121Ia 4500 | ||
|---|---|---|---|
| 008 | 210430s9999 xx 000 0 und d | ||
| 082 | _a681.2 B388 M | ||
| 100 |
_aThomas G Beckwith _954052 |
||
| 245 |
_aMechanical Measurements 6th ed _cThomas G Beckwith |
||
| 260 |
_aUpper Saddle River _bPearson Prentice Hall _c2007 |
||
| 300 | _a768p. | ||
| 942 |
_cBK _2ddc |
||
| 999 |
_c564506 _d564506 |
||